000 00474nam a2200181Ia 4500
001 24145
005 20260414151024.0
008 260414t2012||||xx |||||||||||||| ||spa||
041 _aESP
082 _a781.680985
_bS22
100 _aSánchez Málaga, Armando
_eAUT
245 0 _aNuestros otros ritmos y sonidos :
_bla música clásica en el Perú
260 _c2012
300 _a340 páginas :
_c22 cm.
650 _aABD
654 _aCAU
942 _cLIB
_dJUS
_fJUS
_2ddc
_n
999 _c24145
_d24145